000 01782nam a2200265Ia 4500
003 OSt
005 20211123083600.0
008 210310s2003 pe ad fr 000 0 spa d
020 _a9972787079
040 _aCO-JMCR
_cCO-JMCR
041 0 _aspa
082 0 4 _a338.90098 /
_bV152i
_223
100 1 _aValencia, Alexis,
_916787
_eeditor
245 1 0 _aImpacto fiscal en la integración económica /
_ceditado por Alexis Valencia, Alberto Barreix, Luis Villela
260 _aLima :
_bSecretaria General de la Comunidad Andina,
_c2003
300 _a163 páginas :
_bilustraciones y gráficas a color ;
_c23 cm.
500 _aIncluye notas a pie de página.
504 _aBibliografía: páginas 107-111
505 0 _tEfectos fiscales de la política de comercio fiscal /
_rJoaquín Vial
_tImpacto fiscal para los países andinos del ALCA /
_rSecretaria General de la Comunidad Andina
_tAspectos de los sistemas tributarios en los países andinos que preocupan a inversionistas extranjeros /
_rBaker & Mckenzie, Carmela Hernández y Adrian Rodriguez - Consultores
_tLa descentralización, la estabilidad macroeconómica y la integración económica regional: Enlaces de política y mecanismos de transmisión /
_rEduardo Wiesner Consultor
_tRegímenes tributarios especiales en la región andina: Implicancias de políticas de comercio y tributarias para la integración regional /
_rPeter D Byrne
_tLa armonización tributaria de los impuestos indirectos en los países de la Comunidad Andina (Resumen ejecutivo) /
_rLuis Arias y Mauricio Plaza- Consultores
650 1 4 _aImpuestos
_918310
_zRegión de los Andes
650 2 4 _aIntegración económica internacional
_97032
700 1 _aBarreix, Alberto,
_eeditor
_941642
700 1 _aVillela, Luis,
_eeditor
_941643
942 _2ddc
_cBK
999 _c8795
_d8795